LEADER 01183nam a2200253 4500 001 000000350601 003 CaOOAMICUS 005 20250513121020.0 008 220622s2018 it a 000 u ita r 020 $a978-88-511-5755-5 040 $aSeMil$bita 100 1 $aTyerman, Christopher,$d<1953- >.$0(OLS)http://semarc/name/77749 240 10$aHow to plan a crusade :$breasons and religious war in the high Middle Ages.$0(OLS)http://semarc/title/440391 245 10$aCome organizzare una crociata /$cChristopher Tyerman ; traduzione di Luisa Agnese Dalla Fontana. 264 1$a[Torino] :$bUTET,$c2018. 300 $a540 p., [8] carte di tav. :$bill. ;$c23 cm 650 4$aCrociate - Organizzazione.$0(OLS)http://semarc/subject/52462 700 1 $aDalla Fontana, Luisa Agnese.$0(OLS)http://semarc/name/63531 850 $aSeMil 852 $aSeMil$W1$xVenegono$y1$m3T III 216$j233291$B241609$CSeMilBibl$Z2$F241609 $81 996 $6020$a978-88-511-5755-5$9(OLS)http://semarc/number/296096 996 $6245$aCome organizzare una crociata$9(OLS)http://semarc/title/440392 996 $6264$a[Torino] :$bUTET$9(OLS)http://semarc/publisher/33411 LEADER 01331nam a2200265 i 4500 001 000000084038 003 CaOOAMICUS 005 20071018000000.0 008 071018s1929 it u000 u ita u 013 $a56278 040 $aSeMil$bita 100 1 $aCasotti, Mario,$d<1924-1975>.$0(OLS)http://semarc/name/2109 245 13$aLa pedagogia di Raffaello Lambruschini /$cMario Casotti. 260 $aMilano :$bVita e Pensiero,$c1929. 300 $aXI, 263 p. ;$c26 cm. 490 0 $aPubblicazioni della Università Cattolica del Sacro Cuore. Ser. 1., Scienze filosofiche ;$v13. 490 0 $aPubblicazioni della Università Cattolica del Sacro Cuore 650 4$aLambruschini, Raffaello - Pensiero pedagogico.$0(OLS)http://semarc/subject/16183 830 0$aPubblicazioni della Università Cattolica del Sacro Cuore. Ser. 1., Scienze filosofiche ;$v13.$0(OLS)http://semarc/title/12644 830 0$aPubblicazioni della Università Cattolica del Sacro Cuore.$0(OLS)http://semarc/title/22052 850 $aSeMil 852 $aSeMil$W1$xVenegono$y1$m2P VI 365$j48488$B48488$CSeMilBibl$Z2$F51637 $81 961 $aOmaggio: Biblioteca Seminario Seveso (dal 1998) 996 $6245$aLa pedagogia di Raffaello Lambruschini$9(OLS)http://semarc/title/130929 996 $6260$aMilano :$bVita e Pensiero$9(OLS)http://semarc/publisher/29642